| 000 | 00559nam a2200193 a 4500 | ||
|---|---|---|---|
| 005 | 20250307063819.0 | ||
| 008 | 030602s1999 mx r 000 0 spa d | ||
| 020 | _a8488123205 | ||
| 035 | _aUPN01000124877 | ||
| 049 | _aCG | ||
| 050 | 4 |
_aQH331 _bC3.7 |
|
| 100 | 1 | _aCastrodeza, Carlos | |
| 245 | 1 | 0 |
_aRazón biológica : _bla base evolucionista del pensamiento / _cCarlos Castrodeza. |
| 260 |
_aMadrid : _bMinerva : _bFundación ICO, _c1999. |
||
| 300 | _a269 p. | ||
| 650 | 7 |
_aBiología _xFilosofía _2 _94535 |
|
| 650 | 4 |
_aPensamiento _95399 |
|
| 905 | _aLibro | ||
| 999 |
_c97056 _d97056 |
||